00250nam a2200097Ia 4500008004100000100003400041245002600075260002800101300000900129650001400138190216s9999||||xx |||||||||||||| ||und|| aChirackal T Balakrishnan Nair 0aKeralabhasha Ganangal bKerala Basha Instc1969 a472p aKavithkal